A német Bildungsbürgertum helyzete a 20.század elején

Elmentve itt :
Bibliográfiai részletek
Szerzők: Csejtei Dezső
Juhász Anikó
Dokumentumtípus: Könyv része
Megjelent: Bába és Társai Nyomdaipari tervező, kivitelező és szolgáltató Kft. Szeged 2008
Sorozat:A Tisza hangja 2 No. 11
Szegedtől Szegedig 2 No. 11
Tárgyszavak:
mtmt:1886126
Online Access:http://publicatio.bibl.u-szeged.hu/30516
LEADER 00811naa a2200217 i 4500
001 publ30516
005 20241111102822.0
008 241111s2008 hu o 000 hun d
024 7 |a 1886126  |2 mtmt 
040 |a SZTE Publicatio Repozitórium  |b hun 
041 |a hun 
100 1 |a Csejtei Dezső 
245 1 2 |a A német Bildungsbürgertum helyzete a 20.század elején  |h [elektronikus dokumentum] /  |c  Csejtei Dezső 
260 |a Bába és Társai Nyomdaipari tervező, kivitelező és szolgáltató Kft.  |b Szeged  |c 2008 
300 |a 13 
300 |a 292-304 
490 0 |a A Tisza hangja  |v 2 No. 11 
490 0 |a Szegedtől Szegedig  |v 2 No. 11 
650 4 |a Filozófia, etika és vallástudományok 
700 0 1 |a Juhász Anikó  |e aut 
856 4 0 |u http://publicatio.bibl.u-szeged.hu/30516/1/aok_klny_886_08.pdf  |z Dokumentum-elérés